| 000 | 00507nam a2200181Ia 4500 | ||
|---|---|---|---|
| 999 |
_c29007 _d29007 |
||
| 003 | OSt | ||
| 005 | 20210210151932.0 | ||
| 008 | 190216s9999||||xx |||||||||||||| ||und|| | ||
| 020 | _a9788182644229 | ||
| 040 | _coclc | ||
| 082 |
_a920 _bKRI/S |
||
| 100 |
_aKrishnan, T V _98464 |
||
| 245 | 0 |
_aSakhav / _cT V Krishnan |
|
| 260 |
_bMathrubhumi Printing And Publishing, _aKozhikode: _c2007. |
||
| 300 | _a224p | ||
| 650 | _aJeeva Charithram | ||
| 942 |
_cBK _2ddc _h920 _iKRI/S _k920 _mKRI/S |
||